Object relations family therapy /

Bibliographic Details
Main Author: Scharff, David E., 1941-
Other Authors: Scharff, Jill Savege
Format: Book
Language:English
Published: Northvale, N.J. : Aronson, [1987]
Subjects:

MARC

Tag First Indicator Second Indicator Subfields
LEADER 00000cam a2200000 a 4500
001 in00000014830
005 20151007052910.0
008 870105s1987 njua b 00110 eng d
010 |a  87001755  
020 |a 0876689381 
035 |a (OCoLC)15109065 
035 |9 AAA9628AM 
040 |a DNLM/DLC  |c DLC  |d m/c  |d TXA  |d UtOrBLW 
049 |a TXAM  |c [A11057368] 
050 0 0 |a RC488.5  |b .S365 1987 
060 0 |a WM 460.5.02 S311o 
082 0 |a 616.89/14  |2 19 
100 1 |a Scharff, David E.,  |d 1941- 
245 1 0 |a Object relations family therapy /  |c David E. Scharff, Jill Savege Scharff. 
264 1 |a Northvale, N.J. :  |b Aronson,  |c [1987] 
264 4 |c ©1987 
300 |a xvii, 503 pages :  |b illustrations ;  |c 24 cm. 
336 |a text  |b txt  |2 rdacontent 
337 |a unmediated  |b n  |2 rdamedia 
338 |a volume  |b nc  |2 rdacarrier 
504 |a Bibliography: pages 479-494. 
500 |a Includes index. 
650 0 |a Family psychotherapy. 
650 0 |a Object relations (Psychoanalysis) 
700 1 |a Scharff, Jill Savege. 
999 |a MARS 
999 f f |s 75c0b345-9e2e-3a7f-aa45-cb1a0cfe98f3  |i 5020f81b-25c4-3ae2-bcb6-31f7d85c0e6b  |t 0 
952 f f |p ric  |a Texas A&M University  |b Rellis Campus  |c Joint Library Facility  |d Remote Storage  |t 0  |e RC488.5 .S365 1987  |h Library of Congress classification  |i unmediated -- volume  |m A14811057368 
998 f f |a RC488.5 .S365 1987  |t 0  |l Remote Storage